00294nam a2200133Ia 450000100060000000800410000602000180004704000130006508200180007824500370009626000090013330000110014254600070015310938140331s9999 xx 000 0 und d a0-86277-125-0 cPK-LaUMT a 657.15bORG- aOrganisation & financial control c1988 a521 p. aEN